| 000 | 00633nam a2200205Ia 4500 | ||
|---|---|---|---|
| 003 | GCL | ||
| 008 | 140319s9999 xx 000 0 ara d | ||
| 040 |
_aGCL / _cGCL |
||
| 082 | 0 | 4 |
_a346.04 _bم ح |
| 100 | 1 | _aمصطفى مجدى هرجة | |
| 245 | 1 | 0 |
_aالحيازة داخل وخارج دائرة التجريم / _cمصطفى مجدى هرجة |
| 260 |
_a[S.N] : _bدار المطبوعات الجامعية ، _c1991 |
||
| 300 | _a411 ص | ||
| 490 | _a | ||
| 650 | 0 | 4 | _aالقانون |
| 650 | 0 | 4 | _aالقانون الخاص |
| 650 | 0 | 4 | _aقانون الملكية |
| 650 | 0 | 4 | _aنوع الملكية |
| 942 |
_2ddc _cBK |
||
| 999 |
_c46142 _d46142 |
||